| 000 | 00379nam a2200145 a 4500 | ||
|---|---|---|---|
| 082 | 0 | 0 |
_a291.09 _bKIT |
| 100 | _aEliade, Mircea | ||
| 245 | _aHistory of Religions Essays in Methodology | ||
| 260 |
_aChicago _bChicago University Press _c1962 |
||
| 300 | _a163p | ||
| 500 | _aincludes index and biblioraphy | ||
| 650 | _aReligion-History | ||
| 700 | 1 | _aEliade, Mircea | |
| 942 | _cBK | ||
| 999 |
_c2806 _d2806 |
||